<?xml version="1.0" encoding="UTF-8"?>
<record
    xmlns:xsi="http://www.w3.org/2001/XMLSchema-instance"
    xsi:schemaLocation="http://www.loc.gov/MARC21/slim http://www.loc.gov/standards/marcxml/schema/MARC21slim.xsd"
    xmlns="http://www.loc.gov/MARC21/slim">

  <leader>00988nam a22002417a 4500</leader>
  <datafield tag="952" ind1=" " ind2=" ">
    <subfield code="a">0001</subfield>
    <subfield code="b">0001</subfield>
    <subfield code="d">2024-04-22</subfield>
    <subfield code="l">0</subfield>
    <subfield code="o">951.010099 O42&#xE7; 2021</subfield>
    <subfield code="p">21870</subfield>
    <subfield code="r">2024-04-22 00:00:00</subfield>
    <subfield code="w">2024-04-22</subfield>
    <subfield code="y">BKS</subfield>
  </datafield>
  <datafield tag="999" ind1=" " ind2=" ">
    <subfield code="c">15919</subfield>
    <subfield code="d">15920</subfield>
  </datafield>
  <controlfield tag="003">MIRAKIL</controlfield>
  <controlfield tag="005">20240429120758.0</controlfield>
  <controlfield tag="008">240422b        tu ||||| |||| 00| 0 tur d</controlfield>
  <datafield tag="020" ind1=" " ind2=" ">
    <subfield code="a">9789751749727 </subfield>
  </datafield>
  <datafield tag="040" ind1=" " ind2=" ">
    <subfield code="a">TR-AnCHP</subfield>
    <subfield code="c">TR-AnCHP</subfield>
  </datafield>
  <datafield tag="041" ind1=" " ind2=" ">
    <subfield code="a">tur</subfield>
  </datafield>
  <datafield tag="082" ind1=" " ind2=" ">
    <subfield code="a">951.010099</subfield>
    <subfield code="b">O42&#xE7; 2021</subfield>
  </datafield>
  <datafield tag="100" ind1=" " ind2=" ">
    <subfield code="a">Okay, B&#xFC;lent</subfield>
  </datafield>
  <datafield tag="245" ind1="1" ind2="0">
    <subfield code="a">&#xC7;in kaynaklar&#x131;na g&#xF6;re Sui-Tang Hanedanl&#x131;klar&#x131; d&#xF6;neminde &#xC7;in k&#xFC;lt&#xFC;r&#xFC;ne katk&#x131; sa&#x11F;layan Orta Asya k&#xF6;kenli ki&#x15F;iler /</subfield>
    <subfield code="c">B&#xFC;lent Okay</subfield>
  </datafield>
  <datafield tag="246" ind1=" " ind2=" ">
    <subfield code="a">&#xC7;in k&#xFC;lt&#xFC;r&#xFC;ne katk&#x131; sa&#x11F;layan Orta Asya k&#xF6;kenli ki&#x15F;iler</subfield>
  </datafield>
  <datafield tag="260" ind1=" " ind2=" ">
    <subfield code="a">Ankara :</subfield>
    <subfield code="b">T&#xFC;rk Tarih Kurumu,</subfield>
    <subfield code="c">2021</subfield>
  </datafield>
  <datafield tag="300" ind1=" " ind2=" ">
    <subfield code="a">xvii, 135 sayfa ;</subfield>
    <subfield code="c">21 cm</subfield>
  </datafield>
  <datafield tag="490" ind1="0" ind2=" ">
    <subfield code="a">Atat&#xFC;rk K&#xFC;lt&#xFC;r, Dil ve Tarih Y&#xFC;ksek Kurumu T&#xFC;rk Tarih Kurumu Yay&#x131;nlar&#x131;, IV/A-1.8. dizi ;</subfield>
    <subfield code="v">say&#x131;: 7</subfield>
  </datafield>
  <datafield tag="504" ind1=" " ind2=" ">
    <subfield code="a">Kaynak&#xE7;a: 111-120. sayfa
</subfield>
  </datafield>
  <datafield tag="651" ind1=" " ind2="0">
    <subfield code="9">8001</subfield>
    <subfield code="a">&#xC7;in</subfield>
    <subfield code="x">Sui Hanedan&#x131; D&#xF6;nemi</subfield>
    <subfield code="y">581-618</subfield>
  </datafield>
  <datafield tag="856" ind1=" " ind2=" ">
    <subfield code="z">Dijital N&#xFC;shas&#x131; i&#xE7;in Partimizin K&#xFC;t&#xFC;phane Sorumlusu ile ileti&#x15F;ime ge&#xE7;iniz.</subfield>
  </datafield>
  <datafield tag="942" ind1=" " ind2=" ">
    <subfield code="2">ddc</subfield>
    <subfield code="c">BKS</subfield>
  </datafield>
</record>
